• 首页
  • 本馆介绍
  • 公告通知
  • 最新文献
  • 馆藏检索
  • 电子资源
  • 读者导购
  • 参考咨询
  • 我的图书馆
  • 登录
  • 详细信息显示
  • 放入我的书架
  • 预约/预借图书
  • 作者相关作品
  • 分类相关作品
  • 丛书相关作品
  • 出版社相关作品

书目信息

  • 表格格式
  • 工作单格式
  • 卡片格式
题名:
敌人在倾听
    
 
作者: 克莱顿 著 ;陈早坝 译
分册:  
出版信息: 北京   解放军出版社  1985
页数: 347页
开本: 19cm
丛书名:
单 册:
中图分类: E87
科图分类:
主题词: 报告文学--英国--现代 , 军事--情报工作 , 军事侦察 , 战略侦察
电子资源:
ISBN:
000 00752nam0 2200289 45
001 0185008546
005 20040424150727.9
010    @dCNY1.70
091    @a5185.47
100    @a19901105d1985 em y0chiy0121 ea
101 1  @achi@ceng
102    @aCN@b110000
105    @ay z 000zy
106    @ar
200 10 @a敌人在倾听@Adi ren zai qing ting@f(英)克莱顿著@g陈早坝译
210    @a北京@c解放军出版社@d1985
215    @a347页@d19cm
606    @a报告文学@y英国@z现代
606 0  @a军事@x情报工作
606 0  @a军事侦察
606 0  @a战略侦察
690    @aE87
701  1 @a克莱顿@Ake lai dun@4著
702  0 @a陈早坝@Achen zao ba@4译
801  0 @aCN@b深圳图书馆@c20040424
801  2 @aCN@bNLC@c20040424
905    @f2@b171181-182@dE87@e15
    
    敌人在倾听/(英)克莱顿著/陈早坝译.-北京:解放军出版社,1985
    347页;19cm
    
    
    ISBN :CNY1.70
    
●
相关链接 在E读中查询图书 在五车中查询图书 在当当中查询图书 在豆瓣中查询图书


正题名:敌人在倾听     索取号:E87/15         预约/预借

序号 登录号 条形码 馆藏地/架位号 状态 备注
1 0171181   001264107   第一借阅区/ [索取号:E87/15] 在馆    
2 0171182   001264081   第一借阅区/ [索取号:E87/15] 在馆    
3 0171183   001264072   第一样本阅览室/ [索取号:E87/15] 在馆    
唐山师范学院图书馆 欢迎您!
大连网信软件有限公司© 版权所有